000 00573nam a2200181 i 4500
001 150290
003 ES-MaACL
005 20230906203441.0
007 t|
008 071029s1969 sp ||||1| spa d
100 1 _aVailland, Roger.
_9112406
245 1 0 _aLaclos
_b: teoría del libertino /
_cRoger Vailland ; [traducción Joaquín Mora].
260 _aBarcelona :
_bAnagrama,
_c[1969]
300 _a148 p. ;
_c20 cm.
600 0 4 _aChoderlos de Laclos, Pierre-Ambroise-François.
_938586
700 1 _aJordá, Joaquín.
_966895
852 _aES-MaACL
_jC-35886
_bR.69845
999 _c150290
_d150290